Adolescentes detenidos - desaparecidos / (Record no. 9194)
[ view plain ]
| 000 -LEADER | |
|---|---|
| fixed length control field | 00947nam a22001817a 4500 |
| 008 - FIXED-LENGTH DATA ELEMENTS--GENERAL INFORMATION | |
| fixed length control field | 230919b ||||| |||| 00| 0 spa d |
| 040 ## - CATALOGING SOURCE | |
| Original cataloging agency | AR-FvUNAJ |
| 110 2# - MAIN ENTRY--CORPORATE NAME | |
| 9 (RLIN) | 4900 |
| Corporate name or jurisdiction name as entry element | Centro de Estudios Legales y Sociales. |
| 245 10 - TITLE STATEMENT | |
| Title | Adolescentes detenidos - desaparecidos / |
| Statement of responsibility, etc | Centro de Estudios Legales y Sociales |
| 260 ## - PUBLICATION, DISTRIBUTION, ETC. (IMPRINT) | |
| Place of publication, distribution, etc | Buenos Aires : |
| Name of publisher, distributor, etc | CELS, |
| Date of publication, distribution, etc | 1982 |
| 300 ## - PHYSICAL DESCRIPTION | |
| Extent | 22 p. |
| 440 ## - SERIES STATEMENT/ADDED ENTRY--TITLE | |
| 9 (RLIN) | 18050 |
| Title | [Publicaciones durante la dictadura] |
| Volume number/sequential designation | 5 |
| 520 3# - SUMMARY, ETC. | |
| Summary, etc | Esta publicación -de 1982- analizó los secuestros de jóvenes de entre 13 y 18 años. Convivían con sus padres, tenían inquietudes intelectuales, artísticas, políticas, sociales, y sufrieron un destino común que comenzó con su detención brutal, seguido por la tortura y los vejámenes, para culminar con traslados y desaparición. |
| 650 27 - SUBJECT ADDED ENTRY--TOPICAL TERM | |
| Source of heading or term | unescot |
| 9 (RLIN) | 7970 |
| Topical term or geographic name as entry element | DESAPARICION DE PERSONAS |
| 650 27 - SUBJECT ADDED ENTRY--TOPICAL TERM | |
| Source of heading or term | unescot |
| 9 (RLIN) | 559 |
| Topical term or geographic name as entry element | DICTADURA |
| 942 ## - ADDED ENTRY ELEMENTS (KOHA) | |
| Source of classification or shelving scheme | Dewey Decimal Classification |
| Item type | Libro, folleto, traducción |
| 980 ## - EQUIVALENCE OR CROSS-REFERENCE-SERIES STATEMENT--PERSONAL NAME/TITLE [LOCAL, CANADA] | |
| Linkage | 21568 |
| Personal name | Nuñez |
| Field link and sequence number | 2 |
| Miscellaneous information | Virginia Figueroa |
| Withdrawn status | Lost status | Source of classification or shelving scheme | Damaged status | Not for loan | Home library | Current library | Date acquired | Source of acquisition | Total Checkouts | Full call number | Barcode | Date last seen | Price effective from | Koha item type |
|---|---|---|---|---|---|---|---|---|---|---|---|---|---|---|
| Dewey Decimal Classification | Biblioteca Central | Biblioteca Central | 19/09/2023 | Donación | Folleto 158 | UNAJ23090151 | 17/03/2025 | 19/09/2023 | Libro, folleto, traducción |